000
00252nam a22000977a 4500
999
_c
523391
_d
523391
020
_c
Available
082
_a
541.39 STE
245
_a
Chemical Kinetics And Dynamics
_c
Steinfeld Jeffrey I
942
_2
ddc